|
|
|
|
| LEADER |
00000cas a2200000 a 4500 |
| 001 |
vtls010298895 |
| 003 |
SK-MaSNL |
| 005 |
20260228162508.0 |
| 008 |
200401d19281936xo mr|p 0 c0ukr |
| 040 |
|
|
|a SNK
|b slo
|c SNK
|e AACR2
|
| 041 |
0 |
|
|a ukr
|
| 044 |
|
|
|a xo
|c SK
|
| 072 |
|
7 |
|a 271/279
|x Kresťanské cirkvi, sekty, denominácie
|2 konspekt
|
| 072 |
|
7 |
|a 2
|x Náboženstvo
|2 konspekt
|
| 080 |
|
|
|a 271/279
|2 2001
|
| 080 |
|
|
|a 050
|2 2001
|
| 245 |
0 |
0 |
|a Da prijdet Carstvije tvoje
|b officjalnyj orhan Obščestva Najsv. Serdca J. Christa : Spolka vsespomaha-juščej Bohorodicy
|
| 260 |
|
|
|a Prešov
|b [s.n.]
|c 1928-1936
|
| 300 |
|
|
|a 9 zv.
|c 24 cm
|
| 310 |
|
|
|a 12x ročne
|b 1936
|
| 321 |
|
|
|a 10x ročne
|b 1928-1935
|
| 362 |
0 |
|
|a Roč. I, č. 1 (16.3.1928)-roč. VII [IX], č. 12 (12.12.1936)
|
| 500 |
|
|
|a Zmena podnázvu: od 1/1930 Officjalnyj organ Obščestva Najsv. Serdca J. Christa, Spolka vsespomagajuščej Bogorodicy i Bratstva Sv. Rozanca
|
| 500 |
|
|
|a Red.: 1928-1935, Miron Petrašovič
|
| 500 |
|
|
|a Tlač. Sv. Nikolaj
|
| 500 |
|
|
|a Príloha časopisu Russkoje slovo
|
| 610 |
2 |
7 |
|a Pravoslávna cirkev
|2 SNKKA
|9 32377
|
| 650 |
0 |
7 |
|a náboženstvo
|2 SNKPH
|9 2023
|
| 650 |
0 |
7 |
|a pravoslávne náboženstvo
|2 SNKPH
|9 4091
|
| 655 |
|
7 |
|a náboženské časopisy
|2 SNKPH
|9 70790
|
| 700 |
1 |
|
|a Petrašovič, Miron
|4 red
|9 271249
|
| 772 |
0 |
|
|t Russkoje slovo
|w vtls010299309
|
| 910 |
|
|
|a snk
|
| 916 |
|
|
|a 1932-1936
|
| 999 |
|
|
|c 7960
|d 9890
|
| 952 |
|
|
|0 0
|1 0
|3 rekatalogizácia
|4 0
|7 0
|8 5
|a SNK
|b SNK
|d 2008-10-09
|f 1
|i snkXI. 3820/55
|l 0
|o snkČSC 604/3-4/1932-33
|p 17A0597604
|r 2026-02-21 20:49:53
|t č. 1-10, neúplný
|w 2026-02-21
|y PREZ
|z chýba č. 7
|
| 952 |
|
|
|0 0
|1 0
|4 0
|7 0
|8 5
|a SNK
|b SNK
|d 2008-10-09
|f 1
|i snkXI. 3822/55
|l 0
|o snkČSC 604/5/1934
|p 17A0597289
|r 2026-02-21 20:49:53
|t č. 1-10, neúplný
|w 2026-02-21
|y PREZ
|z chýba č. 4, 7
|
| 952 |
|
|
|0 0
|1 0
|4 0
|7 0
|8 5
|a SNK
|b SNK
|d 2008-10-09
|f 1
|i snkXI. 3823/55
|l 0
|o snkČSC 604/6/1935
|p 17A0594180
|r 2026-02-21 20:49:54
|t č. 1-10
|w 2026-02-21
|y PREZ
|
| 952 |
|
|
|0 0
|1 0
|4 0
|7 0
|a SNK
|b SNK
|d 2008-10-09
|f 1
|i snkXI. 3824/55
|l 0
|o snkČSC 604/7/1936
|p 17A0597263
|r 2026-02-21 20:49:54
|t č. 1-12
|w 2026-02-21
|y PREZ
|
| 952 |
|
|
|0 0
|1 0
|4 0
|7 0
|a SNK
|b SNK
|d 2019-03-25
|i snkXI. 3825/55
|l 0
|o snkČSC 604/7/1936 D1
|p 17A1314704
|r 2026-02-21 21:51:56
|t č. 1-12
|w 2026-02-21
|y PREZ
|
| 952 |
|
|
|0 0
|1 0
|4 0
|7 0
|8 5
|a SNK
|b SNK
|d 2019-03-25
|i snkF 2689/70
|l 0
|o snkČSC 604/6/1935 D1
|p 17A1314827
|r 2026-02-21 21:51:56
|t č. 1-12, neúplný
|w 2026-02-21
|y PREZ
|z chýba č.: 1-8, 11, 12.
|